SMM 2 : Malaysian standard method of measurement of building works

Bibliographic Details
Format: Book
Language:English
Published: Petaling Jaya,Selangor : The Institution of Surveyors, Malaysia , 2001
Edition:2nd ed.
Subjects:

MARC

LEADER 00000cam a2200000 7i4500
001 0000016721
005 20250715.0
008 250715 my eng
020 |a 9834038801[paperback] ,   |c RM21.70 
040 |a INS   |a eng   |e rda 
090 0 0 |a TH435   |b ISM 2006 
245 0 0 |a SMM 2 :   |b Malaysian standard method of measurement of building works   |c The Institution of Surveyors, Malaysia 
250 |a 2nd ed. 
260 |a Petaling Jaya,Selangor :   |b The Institution of Surveyors, Malaysia ,   |c 2001 
264 0 |a @2001 
300 |a 137pages. ;   |c 30cm. 
336 |a text  |2 rdacontent 
337 |a unmediated  |2 rdamedia 
338 |a volume  |2 rdamedia 
650 0 0 |a Buildings   |x Specifications   |z Malaysia 
650 0 0 |a Building   |x Estimates   |z Malaysia 
650 0 0 |a Building   |x Estimates   |z Malaysia   |x Problems,exercises, etc. 
650 0 0 |a Building   |x Measurement 
999 |a 0000016820   |b BOOK   |c Open Shelf   |e Default branch 
999 |a 0000016821   |b BOOK   |c Open Shelf   |e Default branch 
999 |a 0000016822   |b BOOK   |c Open Shelf   |e Default branch 
999 |a 1000001318   |b BOOK   |c Open Shelf   |e Default branch 
999 |a 1000004895   |b BOOK   |c Open Shelf   |e Default branch 
999 |a 1000004896   |b BOOK   |c Open Shelf   |e Default branch